[Event "COL-ch U26"]
[Site "Medellin"]
[Date "2018.10.19"]
[Round "4"]
[White "Florez Castro, Estiven"]
[Black "Acuna, Nelson David"]
[Result "1-0"]
[WhiteElo "1932"]
[BlackElo "1823"]
[PlyCount "56"]
[EventDate "2018.10.18"]
[EventType "swiss"]
[EventRounds "6"]
[EventCountry "COL"]
[SourceTitle "CBM 187 Extra"]
[Source "ChessBase"]
[SourceDate "2018.11.04"]
[SourceVersion "1"]
[SourceVersionDate "2018.11.04"]
[SourceQuality "1"]

1. d4 Nf6 2. c4 c5 3. d5 b5 4. cxb5 e6 5. Nc3 exd5 6. Nxd5 Bb7 7. e4 Nxe4 8. Nf3 Be7 9. Be2 0-0 10. 0-0 Nf6 11. Bc4 d6 12. Bf4 Nxd5 13. Bxd5 Qc7 14. Re1 Rd8 15. Rxe7 Qxe7 16. Bg5 Qd7 17. Bxb7 Qxb7 18. Bxd8 Nd7 19. Bh4 d5 20. a4 d4 21. b4 a6 22. bxc5 Nxc5 23. Rc1 Ne6 24. Nxd4 Nxd4 25. Qxd4 axb5 26. Rb1 Rc8 27. h3 h6 28. axb5 Rc2 1-0

[Event "American Continental 13th"]
[Site "Medellin"]
[Date "2017.06.14"]
[Round "7"]
[White "Florez Castro, Estiven"]
[Black "Nino Penaloza, Cesar Gerardo"]
[Result "1-0"]
[WhiteElo "1820"]
[BlackElo "1972"]
[PlyCount "95"]
[EventDate "2017.06.10"]
[EventType "swiss"]
[EventRounds "11"]
[EventCountry "COL"]
[SourceTitle "CBM 178 Extra"]
[Source "ChessBase"]
[SourceDate "2017.06.22"]
[SourceVersion "1"]
[SourceVersionDate "2017.06.22"]
[SourceQuality "1"]

1. c4 Nf6 2. Nc3 e5 3. g3 Bc5 4. Bg2 0-0 5. e3 d6 6. Nge2 Nc6 7. 0-0 Be6 8. d4 exd4 9. exd4 Bb6 10. d5 Ne5 11. dxe6 fxe6 12. b3 Nfg4 13. Nf4 g5 14. Nh3 h6 15. Bd2 Qf6 16. c5 dxc5 17. Ne4 Qf5 18. Qe2 Rad8 19. Bc3 Nd3 20. Rad1 c4 21. bxc4 Ndxf2 22. Nhxf2 Rxd1 23. Rxd1 Nxf2 24. Nxf2 Qxf2+ 25. Qxf2 Rxf2 26. Bd4 Bxd4 27. Rxd4 Rxa2 28. Bxb7 a5 29. Re4 Rc2 30. Rxe6 Rxc4 31. Rxh6 Rc1+ 32. Kg2 c5 33. Rg6+ Kf8 34. Rxg5 a4 35. Rf5+ Kg7 36. Rf1 Rc3 37. h4 Kg6 38. Rf2 Kh6 39. g4 a3 40. Be4 Rc4 41. Bf5 Ra4 42. Ra2 Kg7 43. Kf2 Kf6 44. Ke2 Ra8 45. Kd2 Ke5 46. Kc3 Rh8 47. h5 Ra8 48. h6 1-0

[Event "American Continental 13th"]
[Site "Medellin"]
[Date "2017.06.13"]
[Round "5"]
[White "Florez Castro, Estiven"]
[Black "Noboa Silva, Kevin Omar"]
[Result "0-1"]
[WhiteElo "1820"]
[BlackElo "2129"]
[PlyCount "92"]
[EventDate "2017.06.10"]
[EventType "swiss"]
[EventRounds "11"]
[EventCountry "COL"]
[SourceTitle "CBM 178 Extra"]
[Source "ChessBase"]
[SourceDate "2017.06.22"]
[SourceVersion "1"]
[SourceVersionDate "2017.06.22"]
[SourceQuality "1"]

1. d4 e6 2. c4 Bb4+ 3. Bd2 Qe7 4. Nc3 Nf6 5. e3 b6 6. Bd3 Bb7 7. f3 0-0 8. Nge2 d5 9. 0-0 Nbd7 10. a3 Bxc3 11. bxc3 c5 12. Ng3 dxc4 13. Bxc4 Rac8 14. Qe2 Rfd8 15. Rfe1 Nb8 16. Bd3 Nc6 17. Ne4 Na5 18. Reb1 c4 19. Bc2 Nxe4 20. fxe4 Bc6 21. Be1 e5 22. Bg3 f6 23. Re1 Be8 24. Qf2 Bg6 25. dxe5 Rf8 26. exf6 Rxf6 27. Qe2 Re6 28. Qg4 Re8 29. Bf4 Bxe4 30. Bxe4 Rxe4 31. Red1 Nb3 32. Rd7 h5 33. Rxe7 hxg4 34. Rxe8+ Rxe8 35. Rd1 Nc5 36. Rd4 Re4 37. Rd8+ Kh7 38. Ra8 a6 39. Bd6 Nb3 40. Rxa6 Rxe3 41. g3 Re1+ 42. Kg2 Re2+ 43. Kg1 Rd2 44. Bb4 Kg6 45. Rxb6+ Kf5 46. Bc5 Ke4 0-1

[Event "COL-ch U18"]
[Site "Cali"]
[Date "2017.04.06"]
[Round "5"]
[White "Gallego, Julian Andres"]
[Black "Florez Castro, Estiven"]
[Result "1-0"]
[WhiteElo "1980"]
[BlackElo "1797"]
[PlyCount "75"]
[EventDate "2017.04.04"]
[EventType "tourn"]
[EventRounds "9"]
[EventCountry "COL"]
[SourceTitle "CBM 178 Extra"]
[Source "ChessBase"]
[SourceDate "2017.06.22"]
[SourceVersion "1"]
[SourceVersionDate "2017.06.22"]
[SourceQuality "1"]

1. d4 Nf6 2. c4 g6 3. Nc3 Bg7 4. e4 d6 5. f3 0-0 6. Be3 c6 7. Qd2 a6 8. a4 a5 9. Nge2 Na6 10. Nc1 e5 11. d5 c5 12. Nd3 Bd7 13. Be2 Ne8 14. g4 Nb4 15. h4 Nc7 16. h5 Nxd3+ 17. Bxd3 Qe7 18. 0-0-0 Na6 19. Rdg1 Rac8 20. Bh6 f6 21. hxg6 hxg6 22. Rh2 Rf7 23. Rgh1 Nb4 24. Be2 Kf8 25. f4 exf4 26. Qxf4 Qe5 27. Bxg7+ Rxg7 28. Qh6 Qg5+ 29. Qxg5 fxg5 30. Rf1+ Ke7 31. Rhf2 Rh8 32. Rf6 Bf5 33. e5 dxe5 34. Rb6 Bc8 35. Ne4 Rh2 36. Kd1 Rf7 37. Rxf7+ Kxf7 38. Nd6+ 1-0

[Event "Ibague sf3 U18"]
[Site "Ibague"]
[Date "2017.03.24"]
[Round "3.3"]
[White "Gallego, Julian Andres"]
[Black "Florez Castro, Estiven"]
[Result "1-0"]
[WhiteElo "1906"]
[BlackElo "1716"]
[PlyCount "57"]
[EventDate "2017.03.23"]
[EventType "swiss"]
[EventRounds "6"]
[EventCountry "COL"]
[SourceTitle "EXT 2024"]
[Source "ChessBase"]
[SourceDate "2023.10.10"]
[SourceVersion "1"]
[SourceVersionDate "2023.10.10"]
[SourceQuality "1"]

1. d4 Nf6 2. c4 e6 3. Nf3 c5 4. Nc3 cxd4 5. Nxd4 Nc6 6. Nc2 Be7 7. e4 0-0 8. Be2 a6 9. 0-0 Qc7 10. f4 d6 11. Be3 Bd7 12. b4 Rac8 13. a4 b6 14. Rb1 Nb8 15. Nd4 Rfd8 16. Qd2 Be8 17. Rfc1 Qb7 18. Bf3 e5 19. Nf5 Bf8 20. g4 g6 21. g5 gxf5 22. gxf6 Bc6 23. b5 axb5 24. axb5 Bxe4 25. Nxe4 fxe4 26. Qg2+ Kh8 27. Bxe4 Qd7 28. fxe5 dxe5 29. Kh1 1-0

[Event "COL-ch U20"]
[Site "Bogota"]
[Date "2017.03.18"]
[Round "5"]
[White "Florez Castro, Estiven"]
[Black "Ribero, Guillermo Andres"]
[Result "1/2-1/2"]
[WhiteElo "1716"]
[BlackElo "1888"]
[PlyCount "77"]
[EventDate "2017.03.16"]
[EventType "swiss"]
[EventRounds "7"]
[EventCountry "COL"]
[SourceTitle "CBM 177 Extra"]
[Source "ChessBase"]
[SourceDate "2017.04.27"]
[SourceVersion "1"]
[SourceVersionDate "2017.04.27"]
[SourceQuality "1"]

1. d4 Nf6 2. c4 c5 3. d5 b5 4. cxb5 a6 5. b6 d6 6. Nc3 g6 7. Nf3 Bg7 8. Nd2 Nbd7 9. e4 Nxb6 10. Be2 0-0 11. 0-0 e6 12. Bf3 exd5 13. exd5 Bb7 14. Nb3 a5 15. Bd2 a4 16. Na5 Bxd5 17. Bxd5 Nbxd5 18. Nxd5 Nxd5 19. Rb1 Nb6 20. Qc2 Qd7 21. Rfd1 Bd4 22. b3 axb3 23. Nxb3 Be5 24. Bh6 Rfc8 25. Nd2 Qa4 26. Qc1 Nd5 27. Re1 Nc3 28. Rxe5 Nxb1 29. Re4 Qa3 30. Qxb1 Qxa2 31. Qd3 d5 32. Re1 Re8 33. Rf1 Qb2 34. Qxd5 Qd4 35. Qxd4 cxd4 36. Nf3 d3 37. Be3 f5 38. Rd1 Re4 39. g3 1/2-1/2

[Event "COL-ch U20"]
[Site "Bogota"]
[Date "2017.03.17"]
[Round "2"]
[White "Florez Castro, Estiven"]
[Black "Cadavid, Juan Miguel"]
[Result "1/2-1/2"]
[WhiteElo "1716"]
[BlackElo "1892"]
[PlyCount "76"]
[EventDate "2017.03.16"]
[EventType "swiss"]
[EventRounds "7"]
[EventCountry "COL"]
[SourceTitle "CBM 177 Extra"]
[Source "ChessBase"]
[SourceDate "2017.04.27"]
[SourceVersion "1"]
[SourceVersionDate "2017.04.27"]
[SourceQuality "1"]

1. d4 Nf6 2. c4 g6 3. Nc3 d5 4. cxd5 Nxd5 5. e4 Nxc3 6. bxc3 Bg7 7. Nf3 c5 8. Rb1 0-0 9. Be2 Nc6 10. d5 Ne5 11. Qc2 f5 12. Nxe5 Bxe5 13. Bh6 Bg7 14. Bxg7 Kxg7 15. h4 Qd6 16. h5 fxe4 17. c4 Qf6 18. 0-0 b6 19. Rb3 Bf5 20. Qd2 g5 21. a4 h6 22. a5 Rfd8 23. g4 Bh7 24. Qe3 Rd6 25. Rfb1 Rf8 26. axb6 axb6 27. Ra3 Qd4 28. Rd1 Qxe3 29. Rxe3 e6 30. dxe6 Rxe6 31. Ra3 Ref6 32. Ra7+ Kh8 33. Rdd7 Bg8 34. Rab7 R8f7 35. Rxf7 Bxf7 36. Re7 Kg7 37. Rxe4 Re6 38. Rxe6 Bxe6 1/2-1/2

[Event "COL-ch U20"]
[Site "Bogota"]
[Date "2017.03.16"]
[Round "1"]
[White "Cardoso Cardoso, Jose Gabriel"]
[Black "Florez Castro, Estiven"]
[Result "1-0"]
[WhiteElo "2092"]
[BlackElo "1716"]
[PlyCount "67"]
[EventDate "2017.03.16"]
[EventType "swiss"]
[EventRounds "7"]
[EventCountry "COL"]
[SourceTitle "CBM 177 Extra"]
[Source "ChessBase"]
[SourceDate "2017.04.27"]
[SourceVersion "1"]
[SourceVersionDate "2017.04.27"]
[SourceQuality "1"]

1. d4 Nf6 2. c4 g6 3. Nc3 Bg7 4. e4 d6 5. f3 0-0 6. Be3 c5 7. Nge2 Nc6 8. Qd2 Nxd4 9. Nxd4 cxd4 10. Bxd4 Be6 11. Rc1 Qa5 12. Be2 Rfc8 13. b3 Nd7 14. Be3 Nc5 15. h4 Qb4 16. h5 a5 17. hxg6 fxg6 18. Nb5 Qxd2+ 19. Kxd2 a4 20. b4 Nd7 21. a3 Nf6 22. Rc2 Bd7 23. Rhc1 Bc6 24. Na7 Rd8 25. Ke1 e6 26. Rd1 Bf8 27. Rcd2 Be7 28. Bb6 Re8 29. b5 Bxe4 30. fxe4 Nxe4 31. Rc2 Bh4+ 32. Kf1 e5 33. Bf3 Ng3+ 34. Kg1 1-0

[Event "Quindio Region-ch U14/16/18"]
[Site "Armenia"]
[Date "2017.02.11"]
[Round "2.1"]
[White "Florez Castro, Estiven"]
[Black "Foronda Tovar, Carlos Andres"]
[Result "1-0"]
[WhiteElo "1716"]
[BlackElo "1442"]
[PlyCount "100"]
[EventDate "2017.02.11"]
[EventType "swiss"]
[EventRounds "5"]
[EventCountry "COL"]
[SourceTitle "EXT 2024"]
[Source "ChessBase"]
[SourceDate "2023.10.10"]
[SourceVersion "1"]
[SourceVersionDate "2023.10.10"]
[SourceQuality "1"]

1. d4 e6 2. c4 d5 3. Nc3 c5 4. e3 Nf6 5. Nf3 Bd6 6. Bd3 0-0 7. 0-0 Nc6 8. a3 b6 9. cxd5 exd5 10. Qc2 c4 11. Bf5 Bxf5 12. Qxf5 Ne7 13. Qc2 Qc7 14. Nb5 Qc6 15. Nxd6 Qxd6 16. Bd2 Ne4 17. Bb4 Qd7 18. Ne5 Qe6 19. f3 Nd6 20. Rae1 f6 21. Ng4 h5 22. Nf2 f5 23. Nh3 a5 24. Bc3 Qh6 25. b3 b5 26. bxc4 Nxc4 27. Qb3 Nxe3 28. Bd2 f4 29. Bxe3 fxe3 30. Rxe3 Nf5 31. Re5 Nxd4 32. Qxd5+ Kh8 33. Rxh5 Rad8 34. Rxh6+ gxh6 35. Qe5+ Kg8 36. Qe4 Rf6 37. Nf4 Rxf4 38. Qg6+ Kh8 39. Qxh6+ Kg8 40. Re1 Rdf8 41. Qg6+ Kh8 42. Re7 R4f7 43. Rxf7 Rxf7 44. Qxf7 b4 45. Qf6+ Kg8 46. Qxd4 bxa3 47. Kf2 a2 48. Ke3 Kf7 49. Kf4 Ke6 50. Ke4 Kf7 1-0

[Event "Quindio-ch"]
[Site "Quindio"]
[Date "2016.09.16"]
[Round "1.3"]
[White "Florez Castro, Estiven"]
[Black "Ballesteros Lopez, William"]
[Result "1-0"]
[WhiteElo "1716"]
[BlackElo "2053"]
[PlyCount "115"]
[EventDate "2016.09.16"]
[EventType "swiss"]
[EventRounds "5"]
[EventCountry "COL"]
[SourceTitle "EXT 2024"]
[Source "ChessBase"]
[SourceDate "2023.10.10"]
[SourceVersion "1"]
[SourceVersionDate "2023.10.10"]
[SourceQuality "1"]

1. d4 Nf6 2. c4 e6 3. Nc3 d5 4. Nf3 c5 5. e3 Nc6 6. Be2 dxc4 7. Bxc4 a6 8. 0-0 b5 9. Bb3 Bb7 10. Qe2 c4 11. Bc2 Nb4 12. Bb1 Be7 13. a3 Nbd5 14. e4 Nxc3 15. bxc3 Qa5 16. Bb2 0-0 17. Re1 Qc7 18. Qc2 g6 19. Qd2 Rfd8 20. Bc2 a5 21. Rad1 Rac8 22. Bc1 Nd7 23. Qh6 Bf8 24. Qh4 Bg7 25. Bh6 f6 26. Bxg7 Kxg7 27. Nd2 e5 28. d5 Nf8 29. Re3 Rb8 30. Rf3 Rd6 31. Nf1 Bc8 32. g4 Qd7 33. Ne3 a4 34. g5 Rbb6 35. Bxa4 bxa4 36. Nxc4 fxg5 37. Qg3 Qg4 38. Nxd6 Rxd6 39. Re1 Qxg3+ 40. hxg3 Ba6 41. Rb1 Bc4 42. Rb4 Bb3 43. c4 Nd7 44. Rc3 Nc5 45. f3 g4 46. Rb5 Nd7 47. c5 Nxc5 48. Rbxc5 gxf3 49. Rxf3 Kh6 50. Rc6 Rd7 51. Re6 Rc7 52. Rxe5 Rc1+ 53. Rf1 Rc3 54. Kg2 Bc4 55. Rf3 Rc2+ 56. Rf2 Rc3 57. Rd2 Rxa3 58. d6 1-0

[Event "Quindio-ch"]
[Site "Quindio"]
[Date "2016.09.16"]
[Round "3.4"]
[White "Florez Castro, Estiven"]
[Black "Gutierrez Hernandez, Jorge Alejandro"]
[Result "1-0"]
[WhiteElo "1716"]
[BlackElo "1817"]
[PlyCount "50"]
[EventDate "2016.09.16"]
[EventType "swiss"]
[EventRounds "5"]
[EventCountry "COL"]
[SourceTitle "EXT 2024"]
[Source "ChessBase"]
[SourceDate "2023.10.10"]
[SourceVersion "1"]
[SourceVersionDate "2023.10.10"]
[SourceQuality "1"]

1. c4 f5 2. g3 Nf6 3. Bg2 e6 4. Nf3 c6 5. 0-0 d5 6. Qc2 Bd6 7. d3 0-0 8. Nc3 dxc4 9. dxc4 Qc7 10. a3 Nbd7 11. b4 c5 12. Nb5 Qb8 13. Nxd6 Qxd6 14. Rd1 Qc7 15. bxc5 Ne4 16. Nd4 Ndxc5 17. Nb5 Qe7 18. Nc3 Nd6 19. Bf4 Nf7 20. e4 fxe4 21. Nxe4 e5 22. Be3 Bg4 23. Bxc5 Bxd1 24. Qxd1 Qe6 25. Bxf8 Rxf8 1-0

[Event "Quindio-ch"]
[Site "Quindio"]
[Date "2016.09.16"]
[Round "5.4"]
[White "Florez Castro, Estiven"]
[Black "Restrepo, Jose Daniel"]
[Result "1-0"]
[WhiteElo "1716"]
[BlackElo "1842"]
[PlyCount "20"]
[EventDate "2016.09.16"]
[EventType "swiss"]
[EventRounds "5"]
[EventCountry "COL"]
[SourceTitle "EXT 2024"]
[Source "ChessBase"]
[SourceDate "2023.10.10"]
[SourceVersion "1"]
[SourceVersionDate "2023.10.10"]
[SourceQuality "1"]

1. d4 Nf6 2. c4 e6 3. Nc3 Bb4 4. a3 Bxc3+ 5. bxc3 b6 6. f3 0-0 7. e4 Ba6 8. Bg5 h6 9. Bh4 g5 10. Bf2 Nh7 1-0

[Event "COL-ch Superate B"]
[Site "Colombia"]
[Date "2015.10.14"]
[Round "11.7"]
[White "Florez Castro, Estiven"]
[Black "Calderon Zuta, Nicolas"]
[Result "0-1"]
[WhiteElo "1760"]
[BlackElo "1725"]
[PlyCount "100"]
[EventDate "2015.10.14"]
[EventType "swiss (blitz)"]
[EventRounds "12"]
[EventCountry "COL"]
[SourceTitle "EXT 2024"]
[Source "ChessBase"]
[SourceDate "2023.10.10"]
[SourceVersion "1"]
[SourceVersionDate "2023.10.10"]
[SourceQuality "1"]

1. c4 Nf6 2. Nc3 c5 3. g3 Nc6 4. Bg2 g6 5. e3 Bg7 6. Nge2 0-0 7. 0-0 Re8 8. d4 cxd4 9. Nxd4 Nxd4 10. exd4 e6 11. Bf4 d5 12. Nb5 Re7 13. c5 Ne8 14. b4 a6 15. Nd6 Nxd6 16. Bxd6 Re8 17. a4 Bd7 18. Qb3 Bxd4 19. Rab1 b6 20. Qd3 bxc5 21. bxc5 Bg7 22. Rb7 Bxa4 23. Rc1 Bb5 24. Qa3 Rc8 25. Qf3 Qf6 26. Qxf6 Bxf6 27. Bf1 Red8 28. Bxb5 axb5 29. Rxb5 Rxd6 30. cxd6 Rxc1+ 31. Kg2 Rc8 32. Rb7 Rd8 33. d7 d4 34. Kf1 e5 35. Ke2 Kf8 36. Kd3 Ke7 37. Ke4 Rxd7 38. Rb2 Bg7 39. f4 f5+ 40. Kd3 e4+ 41. Kd2 d3 42. Ra2 Rc7 43. Ke3 Bf6 44. h3 Kf7 45. g4 Rc2 46. Ra7+ Be7 47. gxf5 gxf5 48. Ra5 Kg6 49. Ra6+ Bf6 50. Rd6 Re2# 0-1

[Event "COL-ch Superate B"]
[Site "Colombia"]
[Date "2015.10.14"]
[Round "4.4"]
[White "Florez Castro, Estiven"]
[Black "Jimenez, Leonardo Andres"]
[Result "0-1"]
[WhiteElo "1760"]
[BlackElo "1882"]
[PlyCount "90"]
[EventDate "2015.10.14"]
[EventType "swiss (blitz)"]
[EventRounds "12"]
[EventCountry "COL"]
[SourceTitle "EXT 2024"]
[Source "ChessBase"]
[SourceDate "2023.10.10"]
[SourceVersion "1"]
[SourceVersionDate "2023.10.10"]
[SourceQuality "1"]

1. d4 Nf6 2. c4 g6 3. f3 Bg7 4. e4 d6 5. Nc3 0-0 6. Be3 e5 7. Nge2 Nc6 8. Qd2 exd4 9. Nxd4 Nxd4 10. Bxd4 Be6 11. Be2 Qe7 12. 0-0 Rfd8 13. Nd5 Bxd5 14. cxd5 c5 15. dxc6 bxc6 16. Rac1 c5 17. Bc3 d5 18. exd5 Nxd5 19. Bxg7 Kxg7 20. Qc2 Rac8 21. Rfe1 Qf6 22. Bc4 Kg8 23. Bxd5 Rxd5 24. Rcd1 Rh5 25. Re4 Rb8 26. b3 Qb6 27. Qc4 Qc7 28. g3 Rb4 29. Re8+ Kg7 30. Qc3+ f6 31. Rde1 Rb7 32. R1e6 Qf7 33. Qxc5 Rxc5 34. b4 Rxb4 35. R8e7 Rc2 36. Rxf7+ Kxf7 37. Re1 Rbb2 38. Ra1 Rxh2 39. Rc1 Rhg2+ 40. Kf1 Rxg3 41. Rc7+ Ke6 42. Rxa7 Rxf3+ 43. Kg1 Re3 44. Kf1 Rc3 45. Ra6+ Kf5 0-1

[Event "Antioquia Region-ch U16 Integrada"]
[Site "Medellin"]
[Date "2015.04.28"]
[Round "1.4"]
[White "Pineda, Esteban"]
[Black "Florez Castro, Estiven"]
[Result "0-1"]
[WhiteElo "1500"]
[BlackElo "1702"]
[PlyCount "46"]
[EventDate "2015.04.28"]
[EventType "swiss"]
[EventRounds "6"]
[EventCountry "COL"]
[SourceTitle "EXT 2024"]
[Source "ChessBase"]
[SourceDate "2023.10.10"]
[SourceVersion "1"]
[SourceVersionDate "2023.10.10"]
[SourceQuality "1"]

1. e4 c5 2. Nf3 a6 3. d4 cxd4 4. Nxd4 Nf6 5. Nc3 e5 6. Nf3 Bb4 7. Bd2 Nc6 8. Bc4 0-0 9. 0-0 d6 10. a3 Bxc3 11. Bxc3 Nxe4 12. Qd3 Nf6 13. Rfd1 e4 14. Bxf6 Qxf6 15. Qxe4 Bf5 16. Qe2 Bg4 17. Bd5 Ne5 18. Bxb7 Rae8 19. Re1 Nxf3+ 20. gxf3 Rxe2 21. Rxe2 Bh3 22. Kh1 Qxb2 23. Rae1 Qxb7 0-1

[Event "Bogota Superate Intercol Adv B"]
[Site "Bogota"]
[Date "2014.10.28"]
[Round "1.4"]
[White "Florez Castro, Estiven"]
[Black "Castro, Jairo Antonio"]
[Result "1-0"]
[WhiteElo "1708"]
[BlackElo "1971"]
[PlyCount "138"]
[EventDate "2014.10.28"]
[EventType "swiss (blitz)"]
[EventRounds "8"]
[EventCountry "COL"]
[SourceTitle "EXT 2024"]
[Source "ChessBase"]
[SourceDate "2023.10.10"]
[SourceVersion "1"]
[SourceVersionDate "2023.10.10"]
[SourceQuality "1"]

1. d4 d5 2. Nf3 Nf6 3. e3 e6 4. c4 c6 5. Nc3 a6 6. Bd3 dxc4 7. Bxc4 b5 8. Bd3 Bb7 9. 0-0 Nbd7 10. e4 c5 11. dxc5 Nxc5 12. Bc2 Ncxe4 13. Nxe4 Nxe4 14. Qe2 Nf6 15. Bg5 Be7 16. Rfd1 Qc7 17. Rac1 Qa5 18. a3 0-0 19. Bd2 b4 20. axb4 Bxf3 21. Qxf3 Bxb4 22. Be3 e5 23. Qf5 Rfe8 24. Bg5 e4 25. Qxa5 Bxa5 26. Bxf6 gxf6 27. Rd4 f5 28. Rd5 Bd2 29. Rxd2 e3 30. fxe3 Rxe3 31. Bxf5 a5 32. Rcd1 a4 33. Rd8+ Rxd8 34. Rxd8+ Kg7 35. Rd3 Re5 36. Bh3 Rb5 37. Rd2 f5 38. Rf2 Kg6 39. Rd2 Kg5 40. g3 Rb3 41. Bg2 a3 42. bxa3 Rxa3 43. Rf2 h6 44. Bf3 Ra1+ 45. Kg2 Ra3 46. h4+ Kg6 47. Rd2 Ra6 48. Rc2 Ra3 49. Rc6+ Kg7 50. Rc7+ Kg6 51. Rc6+ Kg7 52. h5 Rd3 53. Rg6+ Kh7 54. Rf6 Rd2+ 55. Kh3 Rf2 56. Rxf5 Rd2 57. Be4 Kg7 58. Rd5 Re2 59. Bg6 Re7 60. Rd4 Ra7 61. Re4 Rc7 62. Rd4 Re7 63. Bf5 Kf6 64. Bg4 Re5 65. Rd6+ Kg7 66. Re6 Rf5 67. Rg6+ Kh7 68. Rf6 Rf3 69. Rg6 Rf2 1-0

[Event "Bogota Superate Intercol Adv-B"]
[Site "Bogota"]
[Date "2014.10.27"]
[Round "5.9"]
[White "Criado, Juan Daniel"]
[Black "Florez Castro, Estiven"]
[Result "0-1"]
[WhiteElo "1632"]
[BlackElo "1717"]
[PlyCount "70"]
[EventDate "2014.10.25"]
[EventType "swiss (rapid)"]
[EventRounds "6"]
[EventCountry "COL"]
[SourceTitle "EXT 2024"]
[Source "ChessBase"]
[SourceDate "2023.10.10"]
[SourceVersion "1"]
[SourceVersionDate "2023.10.10"]
[SourceQuality "1"]

1. Nf3 Nf6 2. g3 b6 3. Bg2 Bb7 4. d4 e6 5. c4 Be7 6. Nc3 0-0 7. 0-0 d5 8. cxd5 Nxd5 9. Re1 Nxc3 10. bxc3 Be4 11. Ne5 Bxg2 12. Kxg2 Nd7 13. Nc6 Qe8 14. Nxe7+ Qxe7 15. e4 e5 16. a4 Rfd8 17. Ba3 Qe6 18. d5 Qg6 19. c4 Nf6 20. Qc2 Nh5 21. Kh1 Nf6 22. c5 Nxd5 23. Rad1 h5 24. cxb6 cxb6 25. Qd3 Nf6 26. Qxd8+ Rxd8 27. Rxd8+ Kh7 28. f3 h4 29. Kg2 Nh5 30. Rd6 f6 31. g4 Nf4+ 32. Kf2 Qf7 33. Bc1 Qa2+ 34. Rd2 Qxa4 35. Red1 Qc4 0-1

[Event "Central America & Caribbean U16"]
[Site "Palmira"]
[Date "2014.10.05"]
[Round "3.8"]
[White "Florez Castro, Estiven"]
[Black "Zuleta, Juan Carlos"]
[Result "1/2-1/2"]
[WhiteElo "1717"]
[BlackElo "1863"]
[PlyCount "49"]
[EventDate "2014.10.04"]
[EventType "swiss"]
[EventRounds "9"]
[EventCountry "COL"]
[SourceTitle "EXT 2024"]
[Source "ChessBase"]
[SourceDate "2023.10.10"]
[SourceVersion "1"]
[SourceVersionDate "2023.10.10"]
[SourceQuality "1"]

1. d4 c5 2. dxc5 Qa5+ 3. Bd2 Qxc5 4. Nf3 a6 5. g3 e6 6. Bg2 Nf6 7. 0-0 Be7 8. a3 Qc7 9. Nc3 0-0 10. e4 d6 11. Qe2 Nc6 12. Rad1 Ne5 13. Nxe5 dxe5 14. Bg5 b5 15. Bxf6 Bxf6 16. Rd3 Bb7 17. Rfd1 Rfd8 18. Rxd8+ Rxd8 19. Rxd8+ Qxd8 20. Qd3 Qc7 21. Nb1 h6 22. Nd2 Bg5 23. Nb3 Bc8 24. Bf1 Kh7 25. h4 1/2-1/2

[Event "Manizales zt U16 integr Centro"]
[Site "Manizales"]
[Date "2014.05.17"]
[Round "4.2"]
[White "Florez Castro, Estiven"]
[Black "Diaz Herrera, Leider Andres"]
[Result "0-1"]
[WhiteElo "1716"]
[BlackElo "1920"]
[PlyCount "66"]
[EventDate "2014.05.15"]
[EventType "swiss"]
[EventRounds "6"]
[EventCountry "COL"]
[SourceTitle "EXT 2024"]
[Source "ChessBase"]
[SourceDate "2023.10.10"]
[SourceVersion "1"]
[SourceVersionDate "2023.10.10"]
[SourceQuality "1"]

1. d4 d5 2. Nf3 c6 3. e3 Nf6 4. c4 e6 5. Nc3 Nbd7 6. b3 Bb4 7. Bd2 0-0 8. Bd3 Re8 9. cxd5 exd5 10. 0-0 Bd6 11. Qc2 Qe7 12. Rae1 Ne4 13. Ne2 Ndf6 14. Ng3 Bg4 15. Be2 g6 16. Bc1 h5 17. Bb2 Bb4 18. Ra1 Bxf3 19. Bxf3 Nd2 20. Rfd1 h4 21. Ne2 Nfe4 22. Bxe4 Nxe4 23. Nc3 Ng5 24. Qe2 h3 25. g3 Bxc3 26. Bxc3 Qe4 27. f4 Nf3+ 28. Kf1 Qxe3 29. Qxe3 Rxe3 30. Bd2 Nxh2+ 31. Kg1 Re2 32. Bb4 Rg2+ 33. Kh1 Nf3 0-1